"La falta de asesoría jurídica tributaria a los comerciantes informales que tengan capacidad contributiva y su incidencia en la recaudación de los impuestos de enero a agosto de 2014 en el municipio de Mejicanos" (Registro nro. 10168)

Detalles MARC
000 -LEADER
fixed length control field 00829nam a2200205Ia 4500
005 - FECHA Y HORA DE LA ÚLTIMA TRANSACCIÓN
control field 20231212093219.0
008 - FIXED-LENGTH DATA ELEMENTS--GENERAL INFORMATION
fixed length control field 231205s9999 xx 000 0 und d
040 ## - CATALOGING SOURCE
Original cataloging agency UPAN
Transcribing agency Biblioteca San Vicente
Description conventions RCAA2
041 ## - LANGUAGE CODE
Language code of text/sound track or separate title spa
082 ## - DEWEY DECIMAL CLASSIFICATION NUMBER
Classification number 336.207
Item number Per
año de publicación 2014
100 ## - MAIN ENTRY--PERSONAL NAME
Personal name Perla Granados, Jose Vladimir
Relator code aut.
245 #0 - TITLE STATEMENT
Title "La falta de asesoría jurídica tributaria a los comerciantes informales que tengan capacidad contributiva y su incidencia en la recaudación de los impuestos de enero a agosto de 2014 en el municipio de Mejicanos"
260 ## - PUBLICATION, DISTRIBUTION, ETC. (IMPRINT)
Place of publication, distribution, etc San Salvador:
Name of publisher, distributor, etc Universidad Panamericana,
Date of publication, distribution, etc 2014
300 ## - PHYSICAL DESCRIPTION
Extent 109 p.;
Dimensions 28 cm.
650 ## - SUBJECT ADDED ENTRY--TOPICAL TERM
Source of heading or term LEMB
Topical term or geographic name as entry element Asesoría jurídica
650 ## - SUBJECT ADDED ENTRY--TOPICAL TERM
Source of heading or term LEMB
Topical term or geographic name as entry element Comercio
700 ## - ADDED ENTRY--PERSONAL NAME
Personal name Herrera Sorto, Mario Ernesto
Relator code aut.
700 ## - ADDED ENTRY--PERSONAL NAME
Personal name Cartagena Mejia, Nelson Andres
Relator code aut.
942 ## - ADDED ENTRY ELEMENTS (KOHA)
Koha item type Libros
Source of classification or shelving scheme Dewey Decimal Classification
Existencias
Withdrawn status Lost status Source of classification or shelving scheme Damaged status Not for loan Collection code Home library Current library Date acquired Total Checkouts Full call number Barcode Date last seen Copy number Price effective from Koha item type
    Dewey Decimal Classification     Tesario Biblioteca UPAN San Vicente Biblioteca UPAN San Vicente 05/12/2023   336.207 Per 12101246 05/12/2023 01 05/12/2023 Trabajos de Grado